The Electronic Communications Code and property law (Record no. 116262)
[ view plain ]
| 000 -LEADER | |
|---|---|
| fixed length control field | 01752cam a22002655a 4500 |
| 001 - CONTROL NUMBER | |
| control field | L160180 |
| 008 - FIXED-LENGTH DATA ELEMENTS--GENERAL INFORMATION | |
| fixed length control field | 181011s2018 xxk f 000 0 eng d |
| 020 ## - INTERNATIONAL STANDARD BOOK NUMBER | |
| International Standard Book Number | 9781138543126 |
| 035 ## - SYSTEM CONTROL NUMBER | |
| System control number | (Sirsi) u160180 |
| 041 0# - LANGUAGE CODE | |
| Language code of text/sound track or separate title | eng |
| 050 04 - LIBRARY OF CONGRESS CALL NUMBER | |
| Classification number | 343.410994 |
| 110 2# - MAIN ENTRY--CORPORATE NAME | |
| Corporate name or jurisdiction name as entry element | Falcon Chambers |
| 245 04 - TITLE STATEMENT | |
| Title | The Electronic Communications Code and property law |
| Remainder of title | Practice and procedure |
| 260 ## - PUBLICATION, DISTRIBUTION, ETC. | |
| Place of publication, distribution, etc. | Abingdon |
| Name of publisher, distributor, etc. | Routledge |
| Date of publication, distribution, etc. | 2019 |
| 300 ## - PHYSICAL DESCRIPTION | |
| Extent | xxiv, 898p; 26cm |
| 520 ## - SUMMARY, ETC. | |
| Summary, etc. | Traces the history of the telecommunications legislation in the UK including the Telecommications Code 1984 introduced by the Telecommunications Act 1984, the Electronic Communications Code 2003 (referred to as Old Code to distinguish from 2017 New Code) and the Electronic Communications Code 2017. Investigates how European legislation relating to the regulation of electronic communications impacts on property rights. Provides an indepth commentary on the 2003 and 2017 Codes and their impact on property law. Considers factors such as code rights, Landlord and Tenant Act 1954 Part II, transport land rights, street and tidal works, overhead apparatus, compensation for property and landowners, notices, dispute resolution, planning aspects, compulsory purchase and exploratory entry, telecommunicaitons and non-domestic rates, land registration, competition law, role of OFCOM. Looks at the position in Scotland. Conludes with annotated version of 2017 Code.and OFCOM Code of Practice. |
| 650 24 - SUBJECT ADDED ENTRY--TOPICAL TERM | |
| Topical term or geographic name entry element | ELECTRONIC COMMUNICATIONS CODE 2017 |
| 650 24 - SUBJECT ADDED ENTRY--TOPICAL TERM | |
| Topical term or geographic name entry element | ELECTRONIC COMMUNICATIONS CODE 2003 |
| 650 24 - SUBJECT ADDED ENTRY--TOPICAL TERM | |
| Topical term or geographic name entry element | DIGITAL ECONOMY ACT 2017 |
| 650 24 - SUBJECT ADDED ENTRY--TOPICAL TERM | |
| Topical term or geographic name entry element | TELECOMMUNICATIONS ACT 1984 |
| 651 #4 - SUBJECT ADDED ENTRY--GEOGRAPHIC NAME | |
| Geographic name | United Kingdom |
| 690 ## - LOCAL SUBJECT ADDED ENTRY--TOPICAL TERM (OCLC, RLIN) | |
| Topical term or geographic name as entry element | Rural |
| 9 (RLIN) | 6268 |
| 690 ## - LOCAL SUBJECT ADDED ENTRY--TOPICAL TERM (OCLC, RLIN) | |
| Topical term or geographic name as entry element | Utilities |
| 9 (RLIN) | 6272 |
| 942 ## - ADDED ENTRY ELEMENTS (KOHA) | |
| Suppress in OPAC | 0 |
| Source of classification or shelving scheme | Dewey Decimal Classification |
| Withdrawn status | Lost status | Source of classification or shelving scheme | Damaged status | Not for loan | Home library | Current library | Shelving location | Date acquired | Total Checkouts | Full call number | Barcode | Date last seen | Date last checked out | Copy number | Price effective from | Koha item type |
|---|---|---|---|---|---|---|---|---|---|---|---|---|---|---|---|---|
| Dewey Decimal Classification | London | London | Books | 11/10/2018 | 1 | 343.410994 FAL | 30079714 | 22/11/2023 | 11/10/2018 | 1 | 06/08/2019 | Book |